Billboard’s #1 Single of the Year 1958-1969 - Statistics

General Stats
  • This quiz has been taken 41 times
  • The average score is 5 of 12
Answer Stats
Hint Answer % Correct
1969 - The Archies Sugar, Sugar
79%
1964 - The Beatles I Want to Hold Your Hand
74%
1968 - The Beatles Hey Jude
71%
1967 - Lulu To Sir With Love
50%
1966 - Sgt. Barry Sadler The Ballad of the Green Berets
47%
1960 - Percy Faith Theme from "A Summer Place"
42%
1965 - Sam the Sham & the Pharaohs Wooly Bully
42%
1959 - Johnny Horton The Battle of New Orleans
37%
1962 - Mr. Acker Bilk Stranger on the Shore
32%
1958 - Domenico Modugno Volare
32%
1963 - Jimmy Gilmer and the Fireballs Sugar Shack
18%
1961 - Bobby Lewis Tossin' and Turnin'
16%
No matching quizzes found
Score Distribution
Percent of People with Each Score
Percentile by Number Answered
Your Score History
You have not taken this quiz